Outpatient management of depression : A guide for the primary-care practitioner

Provides a system for rapid diagnosis and efficient management of depression, including patient education, brief supportive counseling, and medication. Focuses on treatment with antidepressant medications, including when to initiate treatment, antidepressant pharmacology, how to select the appropria...

תיאור מלא

שמור ב:
מידע ביבליוגרפי
מחבר ראשי: Preskorn, Sheldon
פורמט: ספר
שפה:Undetermined
יצא לאור: Caddo Professional Communications, Inc. 1999
נושאים:
תגים: הוספת תג
אין תגיות, היה/י הראשונ/ה לתייג את הרשומה!
Thư viện lưu trữ: Trung tâm Học liệu Trường Đại học Cần Thơ
LEADER 01017nam a2200217Ia 4500
001 CTU_158286
008 210402s9999 xx 000 0 und d
082 |a 616.8527 
082 |b P933 
100 |a Preskorn, Sheldon 
245 0 |a Outpatient management of depression : 
245 2 |b A guide for the primary-care practitioner 
245 0 |c Sheldon Preskorn 
260 |a Caddo 
260 |b Professional Communications, Inc. 
260 |c 1999 
520 |a Provides a system for rapid diagnosis and efficient management of depression, including patient education, brief supportive counseling, and medication. Focuses on treatment with antidepressant medications, including when to initiate treatment, antidepressant pharmacology, how to select the appropriate medication, and how to manage treaatment failures. 
650 |a Depression, mental,Depression, mental,Depression, mental 
650 |x Diagnosis,Treatment,Chemotherapy 
904 |i Giang 
980 |a Trung tâm Học liệu Trường Đại học Cần Thơ